[Event "DEM U10 2016"]
[Site "Willingen GER"]
[Date "2016.05.19"]
[Round "8"]
[White "Laube, Jannis"]
[Black "Hänselmann, Hendrik"]
[Result "0-1"]
[Termination "normal"]
[Board "23"]
[WhiteElo "1495"]
[BlackElo "1000"]
[PlyCount "84"]
[WhiteFideId "16205995"]
[BlackFideId "16232755"]
[EventCountry "GER"]
[EventRounds "11"]
[EventType "swiss"]
[EventDate "2016.05.14"]

1. e4 c6 2. d4 d5 3. e5 Bf5 4. f4 e6 5. Bd3 Bxd3 6. Qxd3 Ne7 7. Nc3 Nf5 8. Nf3
Be7 9. Be3 O-O 10. O-O-O Nd7 11. a3 Nb6 12. Bf2 Nc4 13. Rdg1 h5 14. h3 h4 15.
g4 hxg3 16. Bxg3 Nfe3 17. Bf2 Nf5 18. h4 Qb6 19. b4 Nxa3 20. Nxd5 cxd5 21. Qxa3
Qxb4 22. Qa1 Rac8 23. h5 Qc4 24. Qb1 Ba3+ 25. Kd1 Nh6 26. Be1 Rc6 27. Bd2 Rfc8
28. f5 Rb6 29. Qxb6 Qxc2+ 30. Ke1 axb6 31. Bxh6 Bb4+ 32. Bd2 Qe4+ 33. Kf2 Bxd2
34. h6 Qe3+ 35. Kg3 gxh6 36. f6 Rc4 37. Kh4+ Kf8 38. Rg3 b5 39. Rhg1 Ke8 40.
Nxd2 Qxd2 41. R3g2 Qf4+ 42. Rg4 Qh2# 0-1

[Event "DEM U10 2016"]
[Site "Willingen GER"]
[Date "2016.05.19"]
[Round "8"]
[White "Chassard, Cedric"]
[Black "Amrhein, Dennis"]
[Result "0-1"]
[Termination "normal"]
[Board "24"]
[WhiteElo "833"]
[BlackElo "1132"]
[PlyCount "62"]
[WhiteFideId "16243536"]
[BlackFideId "16254570"]
[EventCountry "GER"]
[EventRounds "11"]
[EventType "swiss"]
[EventDate "2016.05.14"]

1. e4 d5 2. exd5 Qxd5 3. Nc3 Qa5 4. d4 c6 5. Bd2 Nf6 6. Bc4 Qc7 7. Nge2 Bf5 8.
Nf4 e6 9. Rc1 Nbd7 10. Qe2 O-O-O 11. Bd3 Bd6 12. Qf3 Bg4 13. Qg3 g5 14. f3 Bxf4
15. Bxf4 gxf4 16. Qh4 Bf5 17. Bxf5 exf5 18. O-O Rhg8 19. Rce1 Qb6 20. Qxf4 Nh5
21. Qxf5 Qxd4+ 22. Kh1 Qh4 23. Qxf7 Ng3+ 24. Kg1 Nxf1 25. Rxf1 Qg5 26. g3 Qe3+
27. Kh1 Rdf8 28. Qxh7 Rh8 29. Qd3 Qg5 30. g4 Qe5 31. Qe4 Qxh2# 0-1

[Event "DEM U10 2016"]
[Site "Willingen GER"]
[Date "2016.05.19"]
[Round "8"]
[White "Richter, Gerrit"]
[Black "Fuhrmann, Bahne"]
[Result "1/2-1/2"]
[Termination "normal"]
[Board "25"]
[WhiteElo "1561"]
[BlackElo "1034"]
[PlyCount "92"]
[WhiteFideId "12990825"]
[BlackFideId "16244842"]
[EventCountry "GER"]
[EventRounds "11"]
[EventType "swiss"]
[EventDate "2016.05.14"]

1. e4 c5 2. Nf3 e6 3. d4 cxd4 4. Nxd4 a6 5. Be3 b5 6. a3 Bb7 7. Nc3 Qc7 8. Qd2
Nf6 9. f3 b4 10. Nce2 bxa3 11. bxa3 g6 12. a4 Bg7 13. Rb1 e5 14. Nb3 d5 15. Na5
dxe4 16. Rxb7 Qc8 17. fxe4 Nc6 18. Qd6 Rb8 19. Rxb8 Nxb8 20. Qxe5+ Kf8 21. Qc5+
Qxc5 22. Bxc5+ Ke8 23. Ng3 Ng4 24. Nc4 Kd7 25. Nd6 Rf8 26. Bc4 Bc3+ 27. Ke2 Ne5
28. Rd1 Kc6 29. Bd4 Bxd4 30. Rxd4 Rd8 31. Nb5 Rxd4 32. Nxd4+ Kc5 33. Bxa6 Nxa6
34. c3 Kc4 35. Kd2 Nd7 36. Kc2 Ndc5 37. a5 Nc7 38. e5 Nd7 39. Nf3 h6 40. Kd2
Kb5 41. Kd3 Kxa5 42. Kd4 Kb5 43. Ne4 Kc6 44. Nd6 Ne6+ 45. Kd3 f5 46. g3 Kd5
1/2-1/2

[Event "DEM U10 2016"]
[Site "Willingen GER"]
[Date "2016.05.19"]
[Round "8"]
[White "Poschadel, Andreas Gregor"]
[Black "Scharf, Christian"]
[Result "1-0"]
[Termination "normal"]
[Board "26"]
[WhiteElo "1222"]
[BlackElo "999"]
[PlyCount "67"]
[WhiteFideId "16204948"]
[BlackFideId "16266110"]
[EventCountry "GER"]
[EventRounds "11"]
[EventType "swiss"]
[EventDate "2016.05.14"]

1. e4 e5 2. Bc4 Nf6 3. d3 Nc6 4. Nf3 Bc5 5. O-O d6 6. h3 Be6 7. Bb3 Qd7 8. Kh2
O-O-O 9. Nc3 Rdg8 10. Bxe6 fxe6 11. Qe2 h6 12. Kh1 g5 13. Nh2 h5 14. Be3 g4 15.
h4 g3 16. fxg3 Qg7 17. Bg5 Rf8 18. Na4 Nd7 19. Rxf8+ Qxf8 20. Nxc5 Nxc5 21. Rf1
Qg8 22. Qd2 d5 23. exd5 exd5 24. Nf3 e4 25. Ne1 exd3 26. Nxd3 d4 27. Nxc5 Qxa2
28. Nd3 a5 29. Qc1 b5 30. Qf4 b4 31. Qf6 Rg8 32. Qxc6 Kb8 33. Nc5 Kc8 34. Qa8#
1-0

[Event "DEM U10 2016"]
[Site "Willingen GER"]
[Date "2016.05.19"]
[Round "8"]
[White "Sallandt, Frido"]
[Black "Müller, Maximilian"]
[Result "1-0"]
[Termination "normal"]
[Board "27"]
[WhiteElo "1080"]
[BlackElo "784"]
[PlyCount "136"]
[WhiteFideId "16231767"]
[BlackFideId "16243552"]
[EventCountry "GER"]
[EventRounds "11"]
[EventType "swiss"]
[EventDate "2016.05.14"]

1. e4 e5 2. Nf3 Nc6 3. Bc4 Bc5 4. c3 Nf6 5. d3 d5 6. exd5 Nxd5 7. O-O O-O 8.
Re1 Re8 9. b4 Bb6 10. b5 Na5 11. Nxe5 Nxc4 12. dxc4 f6 13. Qxd5+ Qxd5 14. cxd5
fxe5 15. Be3 Bxe3 16. Rxe3 Bd7 17. c4 c6 18. bxc6 bxc6 19. dxc6 Bxc6 20. Nd2
Rad8 21. Nf1 Rc8 22. Rae1 Ba4 23. Nd2 Rcd8 24. Nb1 Bc2 25. Na3 Ba4 26. h3 Bc6
27. Rxe5 Rxe5 28. Rxe5 Rd6 29. Re7 Rg6 30. g3 Rd6 31. f4 Rd1+ 32. Kf2 Rd2+ 33.
Ke3 Rxa2 34. Rxa7 Ra1 35. Nb5 Re1+ 36. Kf2 Rh1 37. Rc7 Be4 38. Nd6 Bf5 39. Nxf5
g6 40. Nh6+ Kf8 41. Kg2 Rc1 42. c5 Ke8 43. Rxh7 Rxc5 44. Rg7 Rc2+ 45. Kf3 Rc3+
46. Kg4 Rc6 47. Kg5 Rc5+ 48. Kxg6 Rc6+ 49. Kh7 Rf6 50. Rf7 Rd6 51. Nf5 Rd1 52.
Kg6 Rc1 53. h4 Rh1 54. Kf6 Kd8 55. Rf8+ Kd7 56. Kg5 Ke6 57. h5 Kd5 58. Kg6 Ke4
59. h6 Kf3 60. h7 Kg4 61. h8=Q Rxh8 62. Rxh8 Kf3 63. Nd6 Kxg3 64. Nb7 Kxf4 65.
Re8 Kf3 66. Kf6 Kf4 67. Re5 Kf3 68. Ke6 Kf4 1-0

[Event "DEM U10 2016"]
[Site "Willingen GER"]
[Date "2016.05.19"]
[Round "8"]
[White "Wellßow, Keoki"]
[Black "Lenz, Joshua"]
[Result "1-0"]
[Termination "normal"]
[Board "28"]
[WhiteElo "975"]
[BlackElo "1086"]
[PlyCount "153"]
[WhiteFideId "16251075"]
[BlackFideId "16256956"]
[EventCountry "GER"]
[EventRounds "11"]
[EventType "swiss"]
[EventDate "2016.05.14"]

1. e4 e6 2. d4 d5 3. e5 c5 4. c3 Nc6 5. Nf3 Qb6 6. a3 c4 7. g3 Nge7 8. Bg2 Nf5
9. O-O Bd7 10. g4 Nfe7 11. h3 O-O-O 12. Ng5 Be8 13. Qf3 f5 14. Nxe6 Rd7 15. Nc5
Rd8 16. gxf5 g6 17. f6 Nf5 18. h4 Bxc5 19. dxc5 Qxc5 20. Re1 Nxh4 21. Qg4+ Nf5
22. Be3 Nxe5 23. Qxf5+ gxf5 24. Bxc5 Nd3 25. Rxe8 Rdxe8 26. Be3 Rhf8 27. Bd4
Nf4 28. Bf3 Ne2+ 29. Bxe2 Rxe2 30. Kf1 Rxb2 31. a4 h5 32. Na3 h4 33. Nb5 a6 34.
Nd6+ Kd7 35. Be5 Ke6 36. Re1 h3 37. f7 Rb1 38. Rxb1 Kxe5 39. Rb6 h2 40. Kg2 Rh8
41. Kh1 Ke6 42. Ne8+ Kxf7 43. Rxb7+ Ke6 44. Nc7+ Ke5 45. Nxa6 Ra8 46. Nc5 Kd6
47. Rb5 Kc6 48. Kxh2 Rxa4 49. Nxa4 Kxb5 50. Nb2 Kc5 51. Kg1 d4 52. cxd4+ Kxd4
53. Nd1 c3 54. Ne3 f4 55. Nc2+ Ke4 56. Kg2 Kf5 57. Kf3 Ke5 58. Kg4 Ke4 59. f3+
Ke5 60. Kg5 Ke6 61. Kxf4 Kf6 62. Nd4 Kf7 63. Kf5 Kg7 64. Ke6 Kf8 65. f4 Ke8 66.
f5 Kf8 67. Kf6 c2 68. Nxc2 Kg8 69. Ke7 Kh8 70. f6 Kg8 71. f7+ Kh7 72. f8=Q Kg6
73. Qf4 Kh5 74. Ne3 Kg6 75. Qg4+ Kh6 76. Nf5+ Kh7 77. Qg7# 1-0